|
|
|
|
| LEADER |
00000nam0a2200000 4500 |
| 001 |
672447 |
| 005 |
20240912123631.0 |
| 010 |
|
|
|a 5-7511-1599-6
|
| 090 |
|
|
|a 672447
|
| 100 |
|
|
|a 20240513d2003 km|y0rusy50 ca
|
| 101 |
0 |
|
|a rus
|
| 102 |
|
|
|a RU
|
| 105 |
|
|
|a a z 001yb
|
| 181 |
|
0 |
|a i
|b e
|
| 182 |
|
0 |
|a n
|
| 183 |
|
0 |
|a nc
|2 RDAcarrier
|
| 200 |
1 |
|
|a Томский краеведческий музей: из прошлого в будущее
|e альбом
|f Томский областной краеведческий музей ; отв. ред. Э. И. Черняк
|
| 203 |
|
|
|a Текст
|b визуальный
|c непосредственный
|
| 210 |
|
|
|a Томск
|c Изд-во Томского ун-та
|d 2003
|
| 215 |
|
|
|a 184 с.
|c ил.
|
| 283 |
|
|
|a volume
|2 RDAcarrier
|
| 316 |
|
|
|5 63413507: А-1632
|a На титульном листе дарственная надпись
|
| 320 |
|
|
|a Издания Томского краеведческого музея: с. 182
|
| 330 |
|
|
|a Альбом является первым такого рода объемным иллюстрированным изданием, выпускаемым Томским областным краеведческим музеем. В данном случае представлено не одно из музейных собраний, а охвачен почти весь спектр разнообразных коллекций, хранящихся в музее. Изображения многих экспонатов публикуются впервые. В альбоме помещены историческая хроника музея и очерк о его сегодняшнем дне, также снабженные иллюстрациями. Издание посвящено 80-летию музея и 400-летию г. Томска, рассчитано на широкий крут читателей, интересующихся вопросами культуры и сибиреведения.
|
| 601 |
0 |
2 |
|a Томский областной краеведческий музей
|c (1946- )
|9 23249
|
| 606 |
1 |
|
|a Музеи
|9 63873
|
| 610 |
1 |
|
|a история
|
| 610 |
1 |
|
|a Томск
|
| 610 |
1 |
|
|a краеведение
|
| 610 |
1 |
|
|a музейные коллекции
|
| 610 |
1 |
|
|a Сибирь
|
| 610 |
1 |
|
|a 19 век
|
| 610 |
1 |
|
|a 20 век
|
| 610 |
1 |
|
|a экспонаты
|
| 610 |
1 |
|
|a альбомы
|
| 610 |
1 |
|
|a дарственная надпись
|
| 686 |
|
|
|2 rubbk
|a Ч77
|
| 702 |
|
|
|4 340
|a Черняк
|b Э. И,
|
| 712 |
0 |
2 |
|a Томский областной краеведческий музей
|c (1946- )
|9 23249
|4 570
|
| 801 |
|
0 |
|a RU
|b 63413507
|c 20240513
|
| 942 |
|
|
|c BK
|